| 000 | 00833nas a2200277 4500 | ||
|---|---|---|---|
| 001 | BR0003314 | ||
| 003 | BR-BrBNA | ||
| 005 | 20231205101931.0 | ||
| 007 | ta | ||
| 008 | 230509b bl.|||p| |||| 00| 00por d | ||
| 040 |
_aBR-BrBNA _bpor _cBiblioteca Nacional de Agricultura |
||
| 041 | _a(Pt) | ||
| 072 | _aJ11; F03 | ||
| 100 | 1 | _aPreviero, C.A. | |
| 100 | 1 | _aGroth, D. | |
| 100 | 1 | _aRazera, L.F. | |
| 245 | 1 | _aSecagem ao sol e qualidade fisiologica de sementes de brachiaria brizantha (Hochst. ex A.Rich)Stapf | |
| 650 | _aCapim Brachiaria | ||
| 650 | _aSemente | ||
| 650 | _aSecagem | ||
| 650 | _aArmazenamento | ||
| 650 | _aQualidade | ||
| 773 | 0 |
_tRevista Brasileira de Sementes (Brazil) _xISSN 0101-3122 _g(1998), v. 20(2) p. 296-300 _wBR0003314 |
|
| 909 |
_a202311 _bLúcia _c55 _dLúcia Elande |
||
| 942 |
_2AGRIS _n0 _cANA |
||
| 999 |
_c164796 _d164796 |
||